Migration Of Birds (Record no. 2818)
[ view plain ]
| 000 -LEADER | |
|---|---|
| fixed length control field | 00331nam a2200133Ia 4500 |
| 008 - FIXED-LENGTH DATA ELEMENTS--GENERAL INFORMATION | |
| fixed length control field | 211109s9999||||xx |||||||||||||| ||und|| |
| 082 ## - DEWEY DECIMAL CLASSIFICATION NUMBER | |
| Classification number | 598 |
| Item number | COW-M |
| 100 ## - MAIN ENTRY--PERSONAL NAME | |
| Personal name | Coward, T A, |
| 245 #0 - TITLE STATEMENT | |
| Title | Migration Of Birds |
| 260 ## - PUBLICATION, DISTRIBUTION, ETC. | |
| Name of publisher, distributor, etc. | NATIONAL BOOKSTALL |
| Place of publication, distribution, etc. | Kottayam |
| Date of publication, distribution, etc. | 1900 |
| 630 ## - SUBJECT ADDED ENTRY--UNIFORM TITLE | |
| General subdivision | General Stack |
| 650 ## - SUBJECT ADDED ENTRY--TOPICAL TERM | |
| Topical term or geographic name entry element | Birds |
| 942 ## - ADDED ENTRY ELEMENTS (KOHA) | |
| Koha item type | BOOK |
| 650 ## - SUBJECT ADDED ENTRY--TOPICAL TERM | |
| General subdivision | Zoology |
| Withdrawn status | Lost status | Damaged status | Not for loan | Home library | Current library | Date acquired | Total Checkouts | Full call number | Barcode | Shelving location | Date last seen | Price effective from | Koha item type |
|---|---|---|---|---|---|---|---|---|---|---|---|---|---|
| SB LIBRARY | SB LIBRARY | 09/11/2021 | 598 COW-M | 00003051 | GENERAL STACK | 09/11/2021 | 09/11/2021 | BOOK |